000 01184namaa22003251i 4500
003 EG-GICUC
005 20260203103212.0
008 260203s2006 ua ||||jr|||| 000 0 ara d
017 _a2006 / 8975
_bدار الكتب والوثائق القومية (مصر)
020 _a9770712027
040 _aEG-GiCUC
_bara
_cEG-GiCUC
_dEG-GiCUC
_erda
043 _af-ua---
082 0 4 _221
_a813.01
_bI733
092 0 4 _221
_a813.01
_bI733
099 _a813.01 I733
100 1 _aعيسى، صلاح
_eمؤلف.
245 1 0 _aمجموعة شهادات ووثائق لخدمة تاريخ زماننا /
_cصلاح عيسى
264 _aالقاهرة (مصر) :
_bدار الهلال،
_c[2006]
300 _a281 صفحة :
_bايضاحيات، صور
_c19 سم
336 _2rdacontent
_atext
337 _2rdamedia
_aUnmediated
338 _2rdacarrier
_avolume
490 _3سلسلة روايات الهلال ؛
_vالعدد 689
541 _aد. جابر عصفور ؛
_bالقاهرة ؛
_cإهداء ؛
_d2024.
650 1 7 _aالقصص العربية
_2qrmak
650 1 7 _aالقصص السياسية
_2qrmak
651 1 _2qrmak
905 _aNermeen
942 _2ddc
_cBK
_e21
_n0
999 _c178132
_d178132